Library Logo

Pioneer International University Library Catalogue

Kimya, kimya, kimya! / (Record no. 9281)

MARC details
000 -LEADER
fixed length control field 00439cam a2200169 i 4500
005 - DATE AND TIME OF LATEST TRANSACTION
control field 20250901165805.0
008 - FIXED-LENGTH DATA ELEMENTS--GENERAL INFORMATION
fixed length control field 130411s2011 ke 000 d swa
010 ## - LIBRARY OF CONGRESS CONTROL NUMBER
LC control number 2012313730
020 ## - INTERNATIONAL STANDARD BOOK NUMBER
International Standard Book Number 9789966361516
020 ## - INTERNATIONAL STANDARD BOOK NUMBER
International Standard Book Number 9966361510
020 ## - INTERNATIONAL STANDARD BOOK NUMBER
Canceled/invalid ISBN 9789966361510
050 00 - LIBRARY OF CONGRESS CALL NUMBER
Classification number PL 8704.M58 2011
100 1# - MAIN ENTRY--PERSONAL NAME
Personal name Mohamed, Said Ahmed,
Dates associated with a name 1947-
245 10 - TITLE STATEMENT
Title Kimya, kimya, kimya! /
Statement of responsibility, etc. Said A. Mohamed.
300 ## - PHYSICAL DESCRIPTION
Extent 94 pages ;
Dimensions 18 cm
942 ## - ADDED ENTRY ELEMENTS (KOHA)
Source of classification or shelving scheme Library of Congress Classification
Holdings
Withdrawn status Lost status Source of classification or shelving scheme Damaged status Not for loan Collection Home library Current library Shelving location Date acquired Total checkouts Full call number Barcode Date last seen Copy number Price effective from Koha item type
    Library of Congress Classification       Main Library Main Library   03/20/2025   PL 8704 .M58 2011 PIUD0000160 04/08/2025 1 03/20/2025 Books
    Library of Congress Classification       Main Library Main Library   03/20/2025   PL 8704 .M58 2011 PIUD0000161 04/08/2025 2 03/20/2025 Books